عرض عادي
عرض مارك
- البصارة، نبيل بن منصور بن يعقوب
مدخل إسم شخص
001 - رقم الضبط
- حقل الضبط: 3871
003 - معرف رقم الضبط
- حقل الضبط: OSt
005 - تاريخ ووقت أخر عملية
- حقل الضبط: 20110906154812.0
008 - عناصر بيانات ثابتة الطول
- حقل تحكم ثابت الطول: 110906|||a|||||| | ||| d
040 ## - مصدر الفهرسة
- هيئة الفهرسة الأصلية: OSt
- وكالة الكتابة: OSt
100 ## - مدخل -- أسم شخص
- إسم شخص: البصارة، نبيل بن منصور بن يعقوب
670 ## - بيانات المصدر موجوده
- الاستشهاد بالمصدر: Work cat.: (OSt)7629: البصارة، نبيل بن منصور بن يعقوب, أنيس الساري في تخريج وتحقيق الأحاديث التي ذكرها الحافظ ابن حجر العسقلاني في فتح الباري /, 2005
